header

Visualizing the invisible (Record no. 93006)

MARC details
000 -LEADER
fixed length control field 01344nam a2200349Ia 4500
245 00 - TITLE STATEMENT
Title Visualizing the invisible
260 ## - PUBLICATION, DISTRIBUTION, ETC. (IMPRINT)
Place of publication Amsterdam :
Name of publisher Techne Press,
Year of publication 2006.
300 ## - PHYSICAL DESCRIPTION
Number of Pages 194 p. :
Other physical details ill. (some col.), maps.
490 1# - SERIES STATEMENT
Series statement Spacelab book series ;
650 #0 - SUBJECT ADDED ENTRY--TOPICAL TERM
Topical Term City planning.
Topical Term City planning
Topical Term Urban renewal.
Topical Term Sociology, Urban.
700 1# - ADDED ENTRY--PERSONAL NAME
Personal name Pinilla, Camilo.
856 40 - ELECTRONIC LOCATION AND ACCESS
Uniform Resource Identifier http://site.ebrary.com/lib/rucke/Doc?id=10155187

No items available.

© 2026 Rongo University
Contact us: librarian | system librarian | Rongo university